Rebellions and wars of Westeros (extreme) - Game of Thrones/ASOIAF - Statistics

General Stats
  • This quiz has been taken 118 times
    67 since last reset
  • The average score is 19 of 43
Answer Stats
Date Answer % Correct
Period of long darkness where demons known as 'The Others' terrorised the First Men and Children of the Forest (Unknown) The Long Night
92%
Beginning of the Targaryen Dynasty in Westeros (2BC - 1AC) Aegon's Conquest
88%
Famous Targaryen civil war that claimed many of their dragons (129AC - 131AC) The Dance of the Dragons
85%
Concluded in the infamous battle of the redgrass field (196AC) First Blackfyre Rebellion
81%
The rebellion which ended the Targaryen dynasty (282AC -283AC) Robert’s Rebellion
79%
Gathering of rebellious lords at Whitewalls crushed by Bloodraven (212AC) Second Blackfyre Rebellion
73%
Invasion of Westeros by Heagon I and Bittersteel (219AC) Third Blackfyre Rebellion
73%
Rebellion fought for independence of the Iron Islands against Robert I Baratheon (289AC) Greyjoy’s Rebellion
71%
succession conflict that engulfed all of Westeros after Robert I Baratheon died (298AC - 300AC) War of the Five Kings
71%
The Final Blackfyre rebellion (260AC) War of the Ninepenny Kings
69%
Aegor Rivers final attempt to help take the Iron Throne of Westeros, ended by Ser Duncan the Tall (236AC) Fourth Blackfyre Rebellion
67%
King Aerys II was held hostage for half a year in this rebellion that helped drive him mad (277AC) Defiance of Duskendale
63%
Invaders from the East bring the faith of the seven to Westeros (Roughly 4000BC) Coming of the Andals
58%
Aegon I failed attempt to conquer the final kingdom of Westeros (4AC -13AC) First Dornish War
56%
A much diminished noble house of the Reach stages and uprising that claimed the life of King Maekar I (233AC) Peake Uprising
56%
Daeron I's fateful attempt to truly make the seven kingdoms one (157AC - 161AC) The Conquest of Dorne
56%
Known as the Vulture Hunt (37AC) Second Dornish War
54%
Uprising sparked by incestuous Targaryen marriage that felled King Aenys II (41AC - 48AC) Faith Militant uprising
52%
Unhappy bannermen to house Lannister attempt a revolt that ends in the creation of an infamous song (261AC) Reyne-Tarbeck Revolt
50%
War between the Triarchy and Daemon Targaryen and Corlys Velaryon (106AC - 111AC) War for the Stepstones
48%
Prince Morion's Madness (83AC) Fourth Dornish War
46%
Lord Rogar's War (61AC) Third Dornish War
46%
The conflict that united the King in the North and the King beyond the wall to end the reign of the thirteenth commander of the Night's Watch (Unknown) The Night's King
33%
A Bandit claiming to be the grandson of Harren the Black seized Harrenhal (37AC) Rebellion of Red Harren
31%
A "Twice Drowned" priest led a revolt in The Iron Islands (37AC) Rebellion of Lodos the Twice-drowned
29%
The rebellion of Aegon the Uncrowned against his uncle, Maegor the Cruel (43AC) The Battle Beneath the Gods Eye
29%
The first war in Westeros, ended by the pact on the Isle of Faces (Unknown) War of the First Men and the children of the forest
29%
Rebellion brought about by broken marriage pacts of the children of Aegon V (239AC) Storm King Rebellion
27%
Myrish Conflict that resulted in and invasion of Tarth and the death of the crown Prince (92AC) Myrish Bloodbath
25%
Campaign where the Queen of the Rhoynar and Mors Martell conquered the Dornish Lords (Unknown) Nymeria's War
25%
War between the North and the Vale for control of the Three Sisters (Roughly 2000BC) War Across the Water
25%
Brothers Gendel and Gorne led the wildlings through a tunnel under The Wall to invade The North (Roughly 3000BC) First King's Beyond the Wall
23%
Invasion of the North by The Horned Lord (Roughly 2000BC) Second King Beyond the Wall
23%
Rebellion on the Three Sisters against the rule of House Arryn (Roughly 2BC - 1AC) Sistermen's Rebellion
23%
Invasion of the North by Bael the Bard (Unknown) Third King beyond the Wall
23%
War ended when Raymun Redbeard was defeated at Long Lake (226AC) Fourth King Beyond the Wall
21%
Ancient war between House Stark and Gaven Greywolf (Unknown) War of the Wolves
21%
A rebellion against the Ironmen by a people they conquered (133AC) Fair Isle Rebellion
19%
A rebellion in The Vale led by a Kinslaying younger Brother (37AC) Rebellion of Jonos Arryn
19%
Ancient war between House Stark and the Barrow Kings (Unknown) Thousand Years War
19%
King Aegon I Targaryen Invaded a Westerosi region to stop a bloody succession battle (2AC) Invasion of the Iron Islands
17%
War in the wake of the death of Lady Jeyne Arryn (134 AC) Arryn Succession Conflict
12%
Aftermath of the death of Dalton Greyjoy (133AC - 134AC) War of Succession in the Iron Islands
12%
No matching quizzes found
Score Distribution
Percent of People with Each Score
Percentile by Number Answered
Your Score History
You have not taken this quiz since the last reset